| 000 | 00601nam a22002057a 4500 | ||
|---|---|---|---|
| 003 | OPenlibrary | ||
| 005 | 20140310182821.0 | ||
| 008 | 130304t xxu||||| |||| 00| 0 eng d | ||
| 020 | _a9781581349436 | ||
| 050 |
_aBS680.L4 _bR44 2008 |
||
| 082 |
_aM 261 _bR327 2008 |
||
| 245 |
_aThe leadership dynamic _ba biblical model for raising effective leaders _cHarry L. Reeder III, with Rod Gragg |
||
| 260 |
_a Wheaton, Ill. _bCrossway Books _c2008 |
||
| 300 |
_c21 cm. _b189 p. |
||
| 521 | _acollege students | ||
| 526 | _c1210L-1700L | ||
| 541 | _j1 | ||
| 562 | _e1 | ||
| 942 |
_2lcc _cBK _kM |
||
| 999 |
_c16399 _d16399 |
||